| 000 | 00801cam a22002534a 4500 | ||
|---|---|---|---|
| 001 | 199805 | ||
| 005 | 20180227034153.0 | ||
| 008 | 990713s2000 nyua b 001 0 eng | ||
| 010 | _a 99039061 | ||
| 020 | _a0827386273 | ||
| 035 | _a(DLC) 99039061 | ||
| 040 |
_aDLC _cDLC _dDLC |
||
| 041 | _aeng | ||
| 042 | _apcc | ||
| 080 | _a745.92 hun | ||
| 082 | 0 | 0 |
_a745.92 hun _221 |
| 100 | 1 | _a42 | |
| 101 | _aart | ||
| 245 | 1 | 4 |
_aThe art of floral design / _cNorah T. Hunter. |
| 504 | _aIncludes bibliographical references. | ||
| 906 |
_a7 _bcbc _corignew _d1 _eocip _f19 _gy-gencatlg |
||
| 942 |
_2ddc _cBK |
||
| 999 |
_c43543 _d43543 |
||